Entry Nombre personal
001 - NÚMERO DE CONTROL
- campo de control: 234944
003 - IDENTIFICADOR DE NÚMERO DE CONTROL
- campo de control: SpMaBN
005 - FECHA Y HORA DE LA ÚLTIMA TRANSACCIÓN
- campo de control: 20240125151939.0
008 - ELEMENTOS DE DATO DE LONGITUD-FIJA
- campo de control de longitud fija: 260280n azznnaabn a aaa
016 ## - NÚMERO DE CONTROL DE UNA AGENCIA BIBLIOGRÁFICA NACIONAL
- Número de control del registro: BNE19920675941
024 7# - IDENTIFICADOR DE OTROS ESTÁNDARES
- Número estándar o código: http://viaf.org/viaf/24643530/
- Fuente: viaf
024 7# - IDENTIFICADOR DE OTROS ESTÁNDARES
- Número estándar o código: https://isni.org/isni/0000000118859751
- Fuente: isni
024 7# - IDENTIFICADOR DE OTROS ESTÁNDARES
- Número estándar o código: http://www.wikidata.org/entity/Q434091
- Fuente: wikidata
040 ## - FUENTE DE CATALOGACIÓN
- Centro catalogador/agencia de origen: SpMaBN
- Lengua de catalogación: spa
- Centro/agencia transcriptor: SpMaBN
- Normas de descripción: rdc
- Convención/Normas de encabezamiento de materia/tesauro: embne
046 ## - FECHAS CON CODIFICACIÓN ESPECIAL
- Fecha de nacimiento: 1932
- Fecha de la muerte: 2007
100 1# - ENCABEZAMIENTO-NOMBRE DE PERSONA
- Nombre de persona: Campos, Julieta,
- Fechas asociadas al nombre: 1932-2007
370 ## - LUGAR ASOCIADO
- Lugar de nacimiento: La Habana
- Número de control del registro de autoridad o número normalizado: XX451379
- Fuente de información: Wikidata
374 ## - OCUPACIÓN
- Ocupación: Escritores
- Ocupación: Traductores
- Ocupación: Escritores
- Fuente de información: Wikidata
375 ## - GÉNERO/SEXO
- Género: Femenino
377 ## - IDIOMA ASOCIADO
- Término de lengua/lenguaje: Español
400 1# - TRAZADO DE VÉASE--NOMBRE DE PERSONA
- Nombre de persona: Campos de la Torre, Julieta,
- Fechas asociadas al nombre: 1932-2007
670 ## - FUENTE DE DATOS ENCONTRADOS
- Cita de la fuente: Tiene los cabellos rojizos y se llama Sabina, [1974]
- Información encontrada: port. (Julieta Campos)
670 ## - FUENTE DE DATOS ENCONTRADOS
- Cita de la fuente: Función de la novela, [1973]
- Información encontrada: port. (Julieta Campos)
670 ## - FUENTE DE DATOS ENCONTRADOS
- Cita de la fuente: Los condenados de la tierra, 1965
- Información encontrada: v. port. (traducción de Julieta Campos)
670 ## - FUENTE DE DATOS ENCONTRADOS
- Cita de la fuente: WWW Wikipedia, 15-04-2011
- Información encontrada: (Julieta Campos; n. 8 de mayo de 1932, La Habana, Cuba, m. 5 de septiembre de 2007, Ciudad de México, México; escritora y traductora cubano mexicana)
- Identificador Uniforme de Recursos: http://es.wikipedia.org/wiki/Julieta_Campos
670 ## - FUENTE DE DATOS ENCONTRADOS
- Cita de la fuente: WWW Cuba Encuentro, 15-04-2011
- Información encontrada: (Julieta Campos [Julieta Campos y de la Torre]; n. 1932, La Habana, m. 5 de septiembre de 2007, Ciudad de México; novelista, ensayista, investigadora, traductora, periodista y dramaturga cubana)http://www.cubaencuentro.com/cultura/articulos/adios-a-ju lieta-campos-43591
